La negación de la prueba en la administración tributaria (Registro nro. 22486)
[ vista simple ]
| 000 -LEADER | |
|---|---|
| fixed length control field | 00353 a2200109 4500 |
| 001 - CONTROL NUMBER | |
| control field | ART_53615 |
| 005 - DATE AND TIME OF LATEST TRANSACTION | |
| control field | 20260410161822.0 |
| 008 - FIXED-LENGTH DATA ELEMENTS--GENERAL INFORMATION | |
| fixed length control field | 260409a |
| 100 1# - MAIN ENTRY--PERSONAL NAME | |
| Personal name | Vega, Gerardo E. |
| 245 10 - TITLE STATEMENT | |
| Title | La negación de la prueba en la administración tributaria |
| 773 0# - HOST ITEM ENTRY | |
| Title | Doctrina Penal Tributaria y Económica |
| Related parts | - N° 61 (set. 2021) |
| Record control number | REV4317 |
No hay ítems disponibles.